Word Ladder: Nine Inch Nails Song Quiz Stats

 Plays Quiz Updated Apr 22, 2019

Score 0/11 Timer 02:00
0 Plays Today
Hint 4-Letter Word % Correct
Metal often thought to be in pencilsLEAD
99.3%
Give temporarilyLEND
98.7%
What a plane does at a destinationLAND
98.7%
Traffic dividerLANE
97%
Connector between two pointsLINE
95.7%
What Olympic vaulters usePOLE
93.6%
Synonym for prod or nudgePOKE
86.3%
A fish or a spear-like weaponPIKE
81%
Nine Inch Nails song: [Rung 1] [Rung 7] A [Rung 11]* LIKE *
80.2%
Nine Inch Nails song: [Rung 1] [Rung 7] A [Rung 11]* HEAD *
57.4%
Nine Inch Nails song: [Rung 1] [Rung 7] A [Rung 11]* HOLE *
55.8%

Today's Daily Dose

Missing Word
Sherlocks

Word Ladder
King of the Hill

Quick Pick
Songs in Pink

Get the Picture
NBA Teammates

You're not logged in!

Compare scores with friends on all Sporcle quizzes.
OR
Log In

Sporcle TV

Today on Sporcle TV


Watch our educational content, quiz creation guides, and fun videos on Sporcle TV.

Show Comments

Extras

Top Quizzes Today


Score Distribution

Your Account Isn't Verified!

In order to create a playlist on Sporcle, you need to verify the email address you used during registration. Go to your Sporcle Settings to finish the process.

Report this User

Report this user for behavior that violates our Community Guidelines.

Details: